| 000 | 00482cam a2200181ua 4500 | ||
|---|---|---|---|
| 001 | 11731 | ||
| 008 | 191031n ii |||gr||||Z||||||eng | ||
| 020 | _a8183246729 | ||
| 040 | _cMAIN | ||
| 082 | _a954.163 | ||
| 100 |
_a Alexander Mackenzie, _eAuthor. |
||
| 245 |
_aThe North-East Frontier of india _cBy Alexander Mackenzie |
||
| 250 | _a1st ed. | ||
| 260 |
_anEW dELHI: _bMittal Publications, _c2017. _aNew Delhi: |
||
| 300 | _a586p. | ||
| 653 | _aSouth Asia India | ||
| 942 | _cBK | ||
| 999 |
_c10535 _d10535 |
||